La convención de los derechos del niño hacia el siglo XXI
Guardat en:
| Autors principals: | , |
|---|---|
| Format: | Llibre |
| Idioma: | anglès espanyol |
| Publicat: |
Salamanca
Universidad de Salamanca
1996
|
| Col·lecció: | Biblioteca de Pensamiento y Sociedad, 79
|
| Matèries: | |
| Etiquetes: |
Afegir etiqueta
Sense etiquetes, Sigues el primer a etiquetar aquest registre!
|
MARC
| LEADER | 00000nam a2200000 a 4500 | ||
|---|---|---|---|
| 001 | UCP3103 | ||
| 003 | CL-VaPUC | ||
| 008 | 990611e19960000SP |||||||||||||||||eng|d | ||
| 041 | 0 | 7 | |a eng |2 CL-VaPUC |
| 041 | 0 | 7 | |a spa |2 CL-VaPUC |
| 082 | 0 | 4 | |a 323.352 |b VER |2 21 |
| 100 | 0 | |a Verdugo, Miguel Angel |e author |9 430214 | |
| 700 | 0 | |a Soler Sala, Víctor |e author |9 430215 | |
| 245 | 1 | 3 | |a La convención de los derechos del niño hacia el siglo XXI |
| 300 | |a 497 p | ||
| 942 | |c BK | ||
| 945 | |d 19990611 00:00:00 |a rbrito | ||
| 260 | |a Salamanca |b Universidad de Salamanca |c 1996 | ||
| 600 | 0 | 7 | |a UNICEF |2 CL-VaPUC |9 335306 |
| 650 | 0 | |a Derechos del niño |9 258728 | |
| 650 | 0 | |a Derechos humanos |9 223025 | |
| 650 | 0 | |a Política económica |9 255029 | |
| 650 | 7 | |a PROTECCION AL MENOR |2 CL-VaPUC |9 430216 | |
| 583 | |a last modification |c 19990611 00:00:00 |k Rodrigo Vera | ||
| 490 | 0 | |a Biblioteca de Pensamiento y Sociedad, 79 | |
| 999 | |c 281533 |d 281531 | ||
| 952 | |0 0 |1 0 |4 0 |6 323_352000000000000_VER_1996 |7 0 |8 A |9 322310 |a BIBGIM |b BIBGIM |d 2019-11-20 |i 3491811 |o 323.352 VER 1996 |p 3491811 |r 2025-01-15 |w 2019-11-20 |y BK |k SSL | ||
| 952 | |0 0 |1 0 |4 0 |6 323_352000000000000_VER_1996 |7 0 |8 A |9 322311 |a BIBTEO |b BIBTEO |d 2019-11-20 |i 3519880 |o 323.352 VER 1996 |p 3519880 |r 2025-01-17 |w 2019-11-20 |y BK |k ICR | ||